000 00291nam a2200109Ia 4500
001 1272394
005 20260417151427.0
008 260417s9999 xx 000 0 und d
020 _a9786256126220
245 0 _aArdımızda Bıraktığımız Dünyalar
_cA. F. Harrold
260 _bKetebe Genç
999 _c1272394
_d1272394